Normal view
MARC view
- Eleanor,
Entry Personal Name
001 - CONTROL NUMBER
- control field: 90317
003 - CONTROL NUMBER IDENTIFIER
- control field: NUST
005 - DATE AND TIME OF LATEST TRANSACTION
- control field: 20220306105348.0
008 - FIXED-LENGTH DATA ELEMENTS
- fixed length control field: 220306|| aca||aabn | a|a d
040 ## - CATALOGING SOURCE
- Original cataloging agency: NUST
- Transcribing agency: NUST
100 ## - HEADING--PERSONAL NAME
- Personal name: Eleanor,
- Titles and other words associated with a name: of Aquitaine, Queen, consort of Henry II, King of England,
- Dates associated with a name: 1122?-1204
- General subdivision: Fiction
670 ## - SOURCE DATA FOUND
- Source citation: Work cat.: (NUST)0: Penman, Sharon Kay. 90316, The queen's man :, 1996.
